| 000 | 00498nam a2200181Ia 4500 | ||
|---|---|---|---|
| 999 |
_c14417 _d14417 |
||
| 003 | OSt | ||
| 005 | 20201102123054.0 | ||
| 008 | 190216s9999||||xx |||||||||||||| ||und|| | ||
| 020 | _a818561895 | ||
| 040 | _coclc | ||
| 082 |
_a822.33 _bMAR/K |
||
| 100 |
_aMargeson, John _96199 |
||
| 245 | 0 |
_aKing Henry Viii / _cJohn Margeson |
|
| 260 |
_bCambridge Uty Press, _aNew delhi: _c1997. |
||
| 300 | _a191p | ||
| 650 | _aEnglish | ||
| 942 |
_cBK _2ddc _h822.33 _iMAR/K _k822.33 _mMAR/K |
||